Articulation III: (Record no. 193786)

MARC details
000 -LEADER
fixed length control field 00600nam a22001817a 4500
005 - DATE AND TIME OF LATEST TRANSACTION
control field 20221130111952.0
010 ## - LCCN (DPL NO)
LC control number ENG-135697
020 ## - INTERNATIONAL STANDARD BOOK NUMBER
International Standard Book Number 9789390122653
Terms of availability 95.00
035 ## - SYSTEM CONTROL NUMBER
System control number EN-119229
037 ## - SOURCE OF ACQUISITION
Source of stock number/acquisition DBAD/PUB
082 ## - DEWEY DECIMAL CLASSIFICATION NUMBER
Classification number 421.5
245 ## - TITLE STATEMENT
Title Articulation III:
Remainder of title comulsory foundation course in english for the BCom Degree programmes
260 ## - PUBLICATION, DISTRIBUTION, ETC. (IMPRINT)
Place of publication, distribution, etc Hyderabad
Name of publisher, distributor, etc Orient Blackswan Pvt. Ltd.
Date of publication, distribution, etc 2020
270 ## - ADDRESS
Address 3-6-752 Himayatnagar, Hyderabad
City Telangana
Postal code 500029
Electronic mail address info@orientblackswan.com
300 ## - PHYSICAL DESCRIPTION
Extent 149p.
Dimensions 22cm(pbk)
505 ## - FORMATTED CONTENTS NOTE
Formatted contents note Semester III
942 ## - ADDED ENTRY ELEMENTS (KOHA)
Source of classification or shelving scheme Dewey Decimal Classification
Item type English Books
Call number suffix ART
Classification part 421.5
Holdings
Withdrawn status Lost status Not for loan Collection code Home library Current library Date acquired Source of acquisition Cost, normal purchase price Full call number Barcode Copy number Cost, replacement price Koha item type
      Non-fiction Kadipur Kadipur 16/11/2022 DBAD/PUB 95.00 421.5 ART EN-119229 1 95.00 English Books

© Delhi Public Library
Hit Counter
free hit counter